| 000 | 00498nam a2200157 a 4500 | ||
|---|---|---|---|
| 001 | 000030142 | ||
| 005 | 20240307073950.0 | ||
| 008 | 110503s2008 dr 000 0 spa d | ||
| 040 |
_aDO-SdBNP _bspa _cBNPHU |
||
| 082 |
_axxx _bR426m |
||
| 110 | 1 |
_aRepública Dominicana. _b Junta Central Electoral _964605 |
|
| 245 | 1 | 0 | _aMemorias de la comisión de cancelados e inhabilitados de la Junta Central Electoral. /. |
| 260 |
_aSanto Domingo : _bJCE, _c2008. |
||
| 300 |
_a22 p. ; _c22 cm. |
||
| 049 | _aBNPD | ||
| 999 |
_c29634 _d29634 |
||